00540 2200217 4500001002100000005001700021006001900038008004100057020002200098035002500120082000800145084001400153100001400167245002800181250001100209260002900220300002500249650001000274990001900284990001900303INLIS00000000001300320150608121336.0a ||| | 170609| ||| |  a978 979 1102 26 1 a0010-0615000000000360 afik afik ter b0 aTere Liye00aBidadari-Bidadari Surga acet. 1 aJakartabRepublikac2008 aviii, 363 hlmc14 cm 0aFiksi a18/b/kpad/2015 a19/b/kpad/2015